000 00267nam a22001217a 4500
008 170718b xxu||||| |||| 00| 0 eng d
041 _aeng
080 _a2
100 _a24
101 _aTEO
245 _afragmente nga jeta e sahabeve
_cBASHA, A.R
942 _2udc
_cBK
999 _c21455
_d21455